Auf dem Weg zum partizipativen Archiv - Teilhabe von Mitarbeitenden und Menschen mit Behinderung im Archiv der Fürst Donnersmarck-Stiftung (Berlin)

Titel: Auf dem Weg zum partizipativen Archiv - Teilhabe von Mitarbeitenden und Menschen mit Behinderung im Archiv der Fürst Donnersmarck-Stiftung (Berlin)
Verfasser:
In: Archiv und Wirtschaft, Band 58, Heft 1 (2025), Seite 7-17
alle Artikel anzeigen
Veröffentlicht: 2025
Umfang: Illustrationen
Format: Aufsatz
Sprache: Deutsch
Kein Bild verfügbar
X
alg: 52892264
001A    $03036:10-04-25 
001B    $01999:10-04-25 $t22:50:38.000 
001D    $03036:10-04-25 
001U    $0utf8 
001X    $00 
002@    $0Aou 
002C    $aText $btxt $2rdacontent 
002D    $aohne Hilfsmittel zu benutzen $bn $2rdamedia 
002E    $aBand $bnc $2rdacarrier 
003@    $0528922645 
007A    $0528922645 $aHEB 
010@    $ager 
010E    $erda 
011@    $a2025 
021A    $aAuf dem Weg zum partizipativen Archiv - Teilhabe von Mitarbeitenden und Menschen mit Behinderung im Archiv der Fürst Donnersmarck-Stiftung (Berlin) 
028A    $aErdmann $dDominik 
031A    $d58 $e1 $h7-17 $j2025 
034M    $aIllustrationen 
039B    $aEnthalten in $8--Abvc--. Archiv und Wirtschaft. - Dortmund : VdW, 1967-. - ISSN 0342-6270 $x202500000580001993 $9047776765 
045T    $a8 

lok: 52892264 105

exp: 52892264 105 1 #EPN
201B/01 $010-04-25 $t16:00:29.000 
201C/01 $010-04-25 
201U/01 $0utf8 
203@/01 $01298517206 
208@/01 $a10-04-25 $be 
209A/01 $a/ $f106 $x00 
245Z/01 $a2.15.04. $bArchivwissenschaft und Archivtheorie / Archivsparten / Wirtschaftsarchive $x01 
245Z/01 $a2.27. $bArchivwissenschaft und Archivtheorie / Barrierefreiheit, Inklusion $x02 
245Z/01 $a3.08.02. $bArchivwesen des Bundes- und der deutschen Bundesländer / Berlin / Archive und Archivbestände $x03 
247C/01 $8->Marburg, Bibliographie zum Archivwesen der Archivschule Marburg $939588196X
LEADER 00000caa a2200000 c 4500
001 528922645
003 DE-603
005 20250410225038.0
007 tu
008 250410s2025 xx |||| | u00||u|ger c
035 |a (DE-599)HEB528922645 
040 |a DE-603  |b ger  |c DE-603  |d DE-603  |e rda 
041 |a ger 
084 |a 8  |2 ssgn 
100 1 |a Erdmann, Dominik 
245 0 0 |a Auf dem Weg zum partizipativen Archiv - Teilhabe von Mitarbeitenden und Menschen mit Behinderung im Archiv der Fürst Donnersmarck-Stiftung (Berlin) 
264 0 |c 2025 
300 |b Illustrationen 
336 |a Text  |b txt  |2 rdacontent 
337 |a ohne Hilfsmittel zu benutzen  |b n  |2 rdamedia 
338 |a Band  |b nc  |2 rdacarrier 
773 0 8 |i Enthalten in  |t Archiv und Wirtschaft  |d Dortmund : VdW, 1967-  |h 24 cm  |x 0342-6270  |g Band 58, Heft 1 (2025), Seite 7-17  |w (DE-603)047776765  |w (DE-600)528076-X 
924 0 |9 -  |a (DE-603)1298517206  |b DE-  |c HES  |d d  |g /